Tabla de contenidos: volumen 28, número 78, 2011
Wedi'i Gadw mewn:
| Fformat: | Llyfr |
|---|---|
| Iaith: | Spanish |
| Tagiau: |
Ychwanegu Tag
Dim Tagiau, Byddwch y cyntaf i dagio'r cofnod hwn!
|
MARC
| LEADER | 00000nam a22000007a 4500 | ||
|---|---|---|---|
| 003 | cru CIDCACS/IIS | ||
| 005 | 20230613131612.0 | ||
| 008 | 230613b2011 ve |||p|r|||| 00| 0 spa d | ||
| 040 | |c cru CIDCACS/IIS | ||
| 245 | |a Tabla de contenidos: |b volumen 28, número 78, 2011 | ||
| 505 | |a Contenido: 1.Los regímenes populistas latinoamericanos como reproductores de tradiciones autoritarias Una visión heterodoxa sobre una temática siempre actual / H.C.F Mansilla. -- 2.Los consejos comunales: continuidades y rupturas / Beatriz Fernandéz Cabrera. -- 3.Globalización e inflación: efectos de la brecha del producto externo sobre Venezuela / Leonardo Maldonado. -- 4.Venezuela: política e integración regional / Alberto Martínez Castillo. -- 5.Entrevista a Julio Cotler Reflexiones sociopolíticas sobre América Latina / Carlos Aponte Blank, Luis Gómez Calcaño. 6.El Acuerdo de Cooperación Laboral de América del Norte, diecisiete años después / Carlos De Buen Unna. -- 7.La investigación en salud en la perspectiva del desarrollo: la nueva Área de Desarrollo y Salud en Cendes /Jorge Díaz Polanco. -- 8.50 años del Centro de Estudios del Desarrollo Simposio: Objetivos y estrategias de desarrollo para Venezuela Elementos para la construcción de una visión compartida / Consuelo Iranzo. ---- 9.Reseñas Bibliográficas: Lo que queda de la izquierda: Relatos de las izquierdas latinoamericanas JORGE G. CASTAÑEDA, MARCO A. MORALES, eds.México, Taurus, 2010 /Steve Ellner | ||
| 773 | 0 | |0 40876 |9 2970 |a Centro de Estudios del Desarrollo, CENDES |d Venezuela: CENDES, 1983- |o 17921 |t Revista Cuadernos del Cendes/ |x 10122508 | |
| 942 | |2 ddc |c PP | ||
| 999 | |c 45076 |d 45076 | ||
